| 000 | 00361cam a22001337a 4500 | ||
|---|---|---|---|
| 008 | 180718b1968 xxu||||| |||| 00| 0 eng d | ||
| 082 | _aR7x42 M844 | ||
| 100 | _aMortimer, J.E. | ||
| 245 |
_aIndustrial relations _cby J.E. Mortimer |
||
| 260 |
_aLondon _bHeinemann _c1968 |
||
| 300 | _a114p. | ||
| 650 | _aLabour Unions - U.K. | ||
| 650 | _aLabour Relations - U.K. | ||
| 999 |
_c374512 _d374512 |
||